000 00842nam a2200253 i 4500
001 17270
003 ES-MaACL
005 20250430203924.0
007 t|
008 010124s1999 sp ||||0| spa
020 _a84-95078-90-2
080 _a821.134.2-14"19"
100 1 _aAlberti, Rafael,
_d1902-1999
_9240174
245 1 3 _aLa voz de Rafael Alberti.
260 _a[Madrid] :
_bPublicaciones de la Residencia de Estudiantes,
_c[1999]
300 _a69 p. :
_b1 retr. ;
_c20 cm +
_e1 CD-ROM.
490 1 _aPoesía en la Residencia ;
_v1
600 0 4 _aAlberti, Rafael,
_c1902-1999-
_vCD-ROM
_919345
710 2 _aResidencia de Estudiantes (Madrid)
_96437
830 1 _aPoesía en la Residencia ;
_v1
_9180277
852 4 _aES-MaACL
_jL-24108
_q- Libro
852 4 _aES-MaACL
_jROT 2/1/2
_q - CD-ROM
999 _c17270
_d17270